000
00270nam a22001217a 4500
008
260218b ||||| |||| 00| 0 eng d
041
_a
eng
080
_a
2.1
100
_a
20.1
101
_a
Roman
245
_a
Mendimi i Egër
_c
Claude Levi -Strauss
942
_2
lcc
_c
BK
999
_c
60822
_d
60822